[Event "BL2-Nord 0203"]
[Site "Germany"]
[Date "2002.10.20"]
[Round "1.4"]
[White "Fish, Gennadij"]
[Black "Naumann, Frank"]
[Result "1-0"]
[WhiteElo "2500"]
[BlackElo "2304"]
[Annotator "Naumann,F/Meyer,CD"]
[PlyCount "49"]
[EventDate "2002.10.20"]
[EventType "team-tourn"]
[EventRounds "9"]
[EventCountry "GER"]
[SourceTitle "CBM 091"]
[Source "ChessBase"]
[SourceDate "2002.11.12"]
[SourceVersion "1"]
[SourceVersionDate "2002.11.12"]
[SourceQuality "1"]
[WhiteTeam "Bremer SG"]
[BlackTeam "Werder Bremen II"]
[WhiteTeamCountry "GER"]
[BlackTeamCountry "GER"]

1. d4 d5 2. c4 dxc4 3. e3 Nf6 4. Bxc4 e6 5. Nf3 c5 6. O-O a6 7. a4 Nc6 8. Qe2
Qc7 9. Nc3 Bd6 10. Rd1 O-O 11. h3 b6 12. d5 exd5 13. Bxd5 Bb7 14. e4 Rfe8 $2 ({
Der falsche Turm: So schwächt Schwarz seine Grundreihe ganz empfindlich, im
Gegensatz zu} 14... Rae8 {und nun z.B. (auszugsweise aus ChessBase Magazin 42
mit Analysen von J. Lautier)} 15. Bg5 Nd4 16. Nxd4 Nxd5 17. Nxd5 Bxd5 18. Nf5
Rxe4 {[#] Analyse} 19. Qh5 (19. Qd3 $2 Bh2+ (19... Re5 $2 20. Bf4 $1 $16) 20.
Kh1 Bb7 (20... Re5 $4 21. Ne7+ $18) 21. Be7 Re8 22. Bd6 Bxd6 (22... Qc6 $4 23.
Kxh2 Rg4 24. f3 $18) 23. Nxd6 Rd8 $1 $17) 19... f6 $1 $146 (19... Rfe8 $2 20.
Nxg7 $1 R8e5 21. Qh6 $1 Bf8 22. Bf6 Qc6 23. Rd3 Re1+ 24. Kh2 $1 (24. Rxe1 $2
Rxe1+ 25. Kh2 Bxg2 $17) 24... Bxg2 25. Rg3 $18) (19... Bh2+ $6 20. Kh1 Bb3 21.
Rd3 Bc2 22. Rf3 Rfe8 23. g3 g6 24. Qh6 f6 25. Bxf6 Re1+ 26. Rxe1 Rxe1+ 27. Kxh2
Bxf5 28. Bc3 Re8 29. Kg1 $16 {/\g4}) 20. Bh6 (20. Bxf6 Rxf6 21. Rxd5 Bh2+ 22.
Kh1 Re5 $1 23. Rxe5 Qxe5 $15) (20. Rxd5 Bh2+ 21. Kh1 fxg5 22. Qxg5 Bf4 23. Qg4
Rfe8 24. g3 Bc1 $1 $15) (20. Nxd6 $1 Qxd6 21. Bxf6 Qxf6 22. Qxd5+ Qe6 $10)
20... Rfe8 {[#] Analyse} 21. Nxg7 (21. Bxg7 $2 Bh2+ $1 (21... Bf7 $2 22. Nh6+
$8 (22. Qh6 $2 Bh2+ 23. Kh1 Bg6 $1 $19 24. Bxf6 Bxf5 25. g3 Re2 26. Qg5+ Bg6
27. Rf1 (27. Kxh2 Rxf2+ 28. Kg1 Rxf6 29. Qxf6 Qxg3+ 30. Kf1 Rf8 31. Rd8 Bd3+
$19) (27. Qd5+ Qf7 28. Qxf7+ Kxf7 $19) 27... Bxg3 $1 {- 0:1, I. Morovic
Fernandez - J. Lautier, Las Palmas 1994 (} 28. Qd5+ (28. fxg3 Qc6+ $19) 28...
Qf7 29. Qxf7+ Kxf7 30. fxg3 Be4+ $19 31. Kg1 Rg2+ $19 {)}) 22... Kxg7 23. Qxf7+
Qxf7 24. Nxf7 Kxf7 25. Rxd6 Rb4 26. a5 $1 bxa5 27. Rxa5 Re1+ 28. Kh2 Rxb2 29.
Rxc5 Rxf2 30. Rc7+ Kg6 31. Rdd7 $10) 22. Kh1 Bf7 23. Nh6+ (23. Qh6 {, siehe
obige Partie Morovic Fernandez - Lautier}) 23... Kxg7 24. Qxf7+ Qxf7 25. Nxf7
Kxf7 26. Kxh2 Re2 $17) 21... Bh2+ $1 22. Kh1 R8e5 23. Nf5 Qd7 24. Qf3 $8 Qxf5 (
24... Re1+ $4 25. Kxh2 Bxf3 26. Rxd7 Rxa1 27. Rg7+ Kh8 28. Rf7 $18) 25. Qxf5
Rxf5 26. Kxh2 Re2 27. Be3 a5 $15) 15. Bg5 Nd4 16. Nxd4 $1 {Involviert -
ähnlich den bekannten Varianten - ein interessantes Bauernopfer mit horrenden
Verwicklungen im Gefolge.} ({Angenehm für Schwarz wäre dagegen} 16. Qd3 $6 {
wegen} Nxd5 {und z.B.} 17. Nxd5 (17. exd5 h6 18. Bd2 (18. Bh4 g5) 18... Nb3 19.
Rab1 Rad8 $15) 17... Bxd5 18. exd5 Be5 $1 19. Nxd4 Bxd4 $15) 16... Nxd5 17.
Nxd5 Bxd5 18. Nf5 Rxe4 19. Qd3 $8 {! Hier der einzig spielbare und zugleich
starke Zug. Im Unterschied zur o.e. Stammpartie steht der verbliebene Turm auf
a8 statt auf f8, so daß nun ein feindliches Eindringen auf der achten Reihe 
(auch mit Schach) möglich wird.} (19. Qd2 $2 Bh2+ 20. Kh1 Be6 $17) (19. Qh5 $2
{scheitert jetzt allerdings klar an 19...} g6 $1 {(während in der Stammpartie
- mit Rf8 statt Ra8 - die Antwort Bf6! durchschlagend wäre: 20...gxh5? 21.Nh6#.
)} 20. Nh6+ Kf8 21. Be7+ (21. Qf3 $2 Re1+ 22. Rxe1 Bxf3 $19) 21... Qxe7 22.
Qxd5 Rd8 $1 $17) 19... Bh2+ 20. Kh1 Bb7 {[#]} (20... Bc6 21. Ne7+ Rxe7 22. Bxe7
$14 {/+/-}) 21. f3 $2 {Ein Fehler, der aber nicht bestraft wird.} ({Korrekt
erscheint sofortiges} 21. Bd8 $1 {und nun:} Qb8 $8 (21... Qe5 $2 22. Qd7 $1 (
22. Ne7+ $6 Kf8 (22... Kh8 $2 23. Qd7 $18) 23. Qd7 (23. f3 $4 Rd4 24. Qxh7
Raxd8 25. Re1 Be4 $19) 23... Rb8 24. Nf5 Bc8 $5 25. Be7+ Qxe7 26. Qxe7+ Rxe7
27. Nxe7 Kxe7 28. Kxh2 Be6 $14) (22. f3 $5 Qxf5 23. fxe4 Qe5 (23... Bxe4 $4 24.
Re1 $18) 24. Bxb6 Re8 25. Re1 Bg3 26. Re2 f5 (26... Bf4 27. Rf1 Bxe4 28. Qd7
Re7 (28... g5 29. Bc7) 29. Qc8+ Re8 30. Qxc5 $18) 27. Qb3+ Kh8 (27... Bd5 $4
28. exd5 Qxe2 29. Qxg3) 28. Bxc5 Bxe4 29. Rd1 $18) 22... Rb8 (22... Qb8 23.
Ne7+ Rxe7 (23... Kf8 24. Bxb6 g6 25. Bxc5 $18) 24. Qxe7 Bc6 25. Bxb6 $18) 23.
Nd6 Bd5 24. Nxe4 Bxe4 25. Re1 $18) (21... Qf4 $2 22. Ne7+ (22. f3) 22... Kf8
23. f3 Rd4 24. Qxh7 Raxd8 25. Re1 Be4 26. Rxe4 Rxe4 27. Nf5 $18) 22. Ne7+ Kf8
$8 (22... Kh8 $2 23. Qd7 $18) (22... Rxe7 $2 23. Bxe7 {/\Bd6}) 23. f3 Qxd8 (
23... Rxe7 $4 24. Qxh7 $18) (23... Bc7 24. fxe4 Bxd8 $14 25. Nf5 (25. Nd5 Qe5)
25... Bf6) 24. Qxd8+ Rxd8 25. Rxd8+ (25. fxe4 Rxd1+ 26. Rxd1 Kxe7 27. Kxh2 Bxe4
28. a5 bxa5 29. Ra1 Bd3 30. Rxa5 Bb5 $11) 25... Kxe7 26. Rad1 (26. fxe4 $2 Kxd8
27. Kxh2 Bxe4 28. a5 b5 29. Rd1+ Ke7) 26... Rb4 (26... Re6 $6 27. R1d7+ Kf6 28.
Kxh2) 27. R8d7+ (27. Kxh2 $6 Bc6 28. a5 Rxb2) (27. R1d7+ Ke6 28. Kxh2 Bc6)
27... Kf6 28. Kxh2 Bc8 29. R7d6+ Be6 30. a5 bxa5 31. R1d2 $14 {(=)}) 21... Re6
$4 {Der letzte Fehler mit diesem Unglücksturm, der seine Grundreihe jetzt
entscheidend vernachlässigt. Alternativen:} (21... c4 $6 22. Qd2 $5 {/\f4}) (
21... Ree8 $1 {[#] Analyse} 22. Rac1 (22. Ne7+ Kh8 (22... Kf8 $4 23. Qxh7) (
22... Rxe7 $2 23. Bxe7 Qxe7 24. Kxh2) 23. Qd7 (23. Bh4 f6 $19) 23... Rab8 $17)
(22. Be7 Be5 $1 $17 (22... Bf4 $6 23. Bd6 $1) 23. Bd6 (23. a5 $2 Bc8 $1 24. Bg5
c4 25. Qe4 Bxf5 26. Qxf5 Bxb2) 23... Qd8 $1 24. a5 b5 25. Qc2 Qg5) 22... Bf4 $1
(22... h6 $5) 23. Bxf4 (23. Qc3 Be5 24. Qc2 h6 25. Bd2 Rad8 $17 26. b4 Bc8)
23... Qxf4 24. Rc4 Qc7 25. Rg4 Rad8 $1 $17) 22. Bd8 $1 {[#]} Qf4 {(?)} (22...
Qb8 23. Ne7+ Rxe7 (23... Kf8 24. Qxh7 $18) (23... Kh8 24. Qd7 $18) 24. Bxe7 $16
{/+-} Bc6 25. a5 $1 Bc7 26. axb6 Qxb6 27. Bd6 Bxd6 28. Qxd6 Qb5 29. Rac1 Be8
30. Rc2 Rc8 31. Rd5) (22... Qe5 $5 23. Ne7+ Rxe7 (23... Kh8 24. Qd7 Rxe7 25.
Bxe7 $18) 24. Bxe7 Qxe7 25. Kxh2 Qe5+ 26. Kh1 $16 {/+- mit technischer
Gewinnstellung, z.B.} Bc6 (26... Rf8 27. Qd6 (27. Rd2 Re8 28. Qd6 Qe3) 27...
Qxb2 28. Rab1 Qf2 (28... Qe2 29. Rd2 Qe3 30. Rxb6) 29. Rf1 {/\Rxb6/Qxb6+-}) 27.
a5 (27. Qd6) 27... Bb5 28. Qd5 Qxd5 29. Rxd5 bxa5 (29... Bc4 30. Rd7 bxa5 31.
Rc7) 30. Rxc5 Kf8 (30... a4 31. b3 $1 a3 32. Rxa3 Rd8 33. Ra1) 31. Rxa5 Rd8 32.
Ra1 $18) 23. Ne7+ Kh8 (23... Kf8 24. Qxh7 $18 {nebst Mattsetzung}) (23... Rxe7
24. Bxe7 $18 h6 25. Bd6) 24. Qd7 $18 g5 25. Qxb7 ({Oder} 25. Qe8+ Kg7 26. Qg8+
Kh6 27. Qf8+ Kh5 28. Nf5 {plus dem vernichtenden g2-g4}) 1-0

[Event "Vienna op"]
[Site "Vienna"]
[Date "1995.??.??"]
[Round "6"]
[White "Novikov, Igor A"]
[Black "Baburin, Alexander"]
[Result "1-0"]
[WhiteElo "2580"]
[BlackElo "2495"]
[Annotator "Novikov,I"]
[PlyCount "55"]
[EventDate "1995.??.??"]
[EventType "swiss"]
[EventRounds "9"]
[EventCountry "AUT"]
[SourceTitle "CBM 050"]
[Source "ChessBase"]
[SourceDate "1996.02.01"]
[SourceVersion "1"]
[SourceVersionDate "1996.02.01"]
[SourceQuality "1"]

1. d4 d5 2. c4 dxc4 3. Nf3 a6 4. e3 e6 5. Bxc4 c5 6. O-O Nf6 7. b3 b5 8. Be2
Nbd7 9. Bb2 Bb7 10. Nbd2 Be7 11. a4 bxa4 12. Rxa4 O-O (12... Nb6) 13. Ne5 $5
cxd4 (13... Nb6 $5) 14. Rxd4 Bc5 15. Rd3 Qe7 (15... Qc7 $5 16. Nxd7 Nxd7 17.
Bf3 $14) 16. Nxd7 Nxd7 17. Bf3 Nb6 (17... Nf6 18. Bxf6 gxf6 19. Bxb7 Qxb7 20.
e4 $40 (20. Qh5 Qb5 $1)) (17... Bxf3 $5 18. Qxf3 Nf6 $14) 18. Ne4 $1 $16 f6 (
18... Bb4 $2 19. Nf6+ $1 Kh8 (19... gxf6 20. Bxb7 $18) 20. Bxb7 Qxb7 21. Qh5
$18) (18... f5 19. Nxc5 Bxf3 20. Qxf3 Qxc5 21. Rc1 $16) 19. Nxc5 Bxf3 20. Qxf3
Qxc5 21. Qg4 $1 e5 (21... Rae8 $5 22. Rc1 $16) 22. Rc1 Qe7 23. Rc6 $1 Rab8 24.
Rdd6 h5 (24... Nc8 25. Rd7 $18) 25. Qd1 $1 Qa7 (25... Nc8 26. Rd7 $18 {/\ 27.
Rcc7}) (25... Na8 26. Rxa6 Qb7 27. Ra3 $18 {/\ 28.Rd7,28.Qxh5}) 26. Ba3 $1 $18
{/\ 27.Bc5} Rfc8 27. Rxc8+ Rxc8 (27... Nxc8 28. Rd8+ Kf7 29. Qxh5+ $18) 28.
Rd8+ (28. Rd8+ Rxd8 (28... Kf7 29. Qxh5+ $18) 29. Qxd8+ Kh7 30. Bc5 Qd7 31.
Bxb6 $18) 1-0

[Event "ESP-chT Honor Gp1 49th"]
[Site "Merida"]
[Date "2005.08.26"]
[Round "3"]
[White "Pelletier, Yannick"]
[Black "Socko, Bartosz"]
[Result "1-0"]
[WhiteElo "2603"]
[BlackElo "2615"]
[Annotator "Pelletier,Y"]
[PlyCount "91"]
[EventDate "2005.08.24"]
[EventType "team"]
[EventRounds "5"]
[EventCountry "ESP"]
[SourceTitle "CBM 109"]
[Source "ChessBase"]
[SourceDate "2005.11.14"]
[SourceVersion "1"]
[SourceVersionDate "2005.11.14"]
[SourceQuality "1"]

1. Nf3 {Huzman} d5 2. d4 Nf6 3. c4 dxc4 4. e3 e6 5. Bxc4 c5 6. O-O a6 7. Bb3 b5
8. a4 b4 9. Nbd2 Be7 10. e4 Bb7 11. e5 Nfd7 12. Nc4 O-O 13. Bc2 cxd4 14. Bf4 $5
Nc6 $146 ({In meiner Vorbereitung stieß ich auf eine Partie Sasikiran-Ganguly,
Mumbai 2003, die mich überzeugte. So ging sie weiter:} 14... Bd5 15. Qxd4 b3
16. Bxb3 Nc6 17. Qe3 Nc5 18. Rfd1 Qb8 19. Ba2 Nb4 20. Nd6 Nxa2 21. Qxc5 Qxb2
22. Bd2 Rab8 23. Qa7 Bd8 24. a5 Rb3 25. Qxa6 Rxf3 26. gxf3 Qxe5 27. Ne4 Bc7 28.
Ng3 Bxf3 29. Qc4 Bd5 30. Qc2 {und Weiß gewann, obwohl die Stellung noch einige
Komplikationen bietet.}) ({Während der Partie verstand ich auch, dass Schwarz
nach} 14... b3 15. Bxb3 Nc5 16. Ba2 {nicht ausgleicht.}) 15. Nxd4 Qc7 {'?'
Huzman. Huzman: 'The bad position of the Qc7 will be the main reason for the
defeat of Black in this game.'} ({Schwarz leidet unter der Schwäche des Feldes
d6, z.B:} 15... Rc8 16. Nxc6 (16. Qd3 g6 17. Nb3 Nc5 18. Nxc5 Bxc5 19. Nd6 Bxd6
20. exd6 e5 21. Bh6 Nd4 {und Schwarz steht sehr gut}) 16... Bxc6 17. Nd6 $14) (
15... Nxd4 {Huzman} 16. Qxd4 b3 17. Bxb3 $140 (17. Bb1 Rc8 18. Rd1 (18. Qd3 f5
19. exf6 Nxf6 20. Qh3 (20. Nd6 Bxd6 21. Bxd6 Rf7 $11) 20... Bxg2 $1 21. Qxe6+ (
21. Kxg2 Qd5+ $19) 21... Kh8 22. Kxg2 Qd5+ 23. Qxd5 Nxd5 $11) (18. Nd6 Bxd6 19.
exd6 Qh4 $132) 18... Nc5 19. Nd6 Bxd6 20. exd6 Qh4 21. Qe3 $13) (17. Bd1 Rc8
18. Nd6 Bxd6 19. exd6 Qh4 $132) 17... Nc5 18. Qxd8 Rfxd8 19. Ba2 Rab8 (19...
Nxa4 20. Na5 Rd7 21. Bxe6 fxe6 22. Rxa4 Bd5 $44) 20. a5 Bd5 $44) 16. Rc1 Nxd4 (
16... Rfd8 17. Nxc6 Qxc6 18. Qg4 $36) 17. Qxd4 Qc6 {Zwar hat Schwarz einige
Drohungen, die den schönen Nc4 zur Rückkehr zwingt. Aber die Dame ist auch
sehr exponiert auf der c-Linie. Dies ist die Ursache der kommenden Probleme.}
18. Ne3 Bc5 19. Qd3 g6 20. Bb3 Rfc8 ({Das Endspiel nach} 20... Qe4 21. Qxe4
Bxe4 22. Rfd1 $16 {ist sehr unangenehm.}) 21. Rfd1 Rc7 22. Kh1 $1 {Noch der
Zug f3, und die schwarzen Drohungen werden zunichte gemacht.} Nf8 (22... Rac8
23. f3) 23. f3 {[%csl Gd6,Yf6,Yh6][%cal Ge3c4,Ye3g4,Rb7g2] Der Springer ist
nun befreit und kann entweder zurück nach c4 oder via g4 den gegnerischen
König belästigen.} Rd7 24. Qe2 Rxd1+ 25. Qxd1 h5 26. Nc4 Be7 27. Nd6 Qd7 28. a5
{[%cal Gb3a4]} Rb8 (28... g5 29. Be3 {bringt nichts ein, während nach}) (28...
Bxd6 29. exd6 Qb5 30. Qd4 {[%cal Gd6d8] der Freibauer zu stark wird.}) 29. Qd2
Ba8 30. Bh6 Bd5 31. Qf4 $5 ({Ich wählte hier die komplizierte Lösung, obwohl
ich alle Details nicht gesehen hatte, weil mein Gegner nur noch wenig Zeit
hatte.} 31. Bxd5 exd5 32. Qxd5 Ne6 33. Bd2 $18 {war die technische Lösung.})
31... f5 (31... f6 {verliert nach} 32. Bxd5 exd5 33. Bxf8 Rxf8 34. Qh6 Bxd6 35.
Qxg6+ (35. exd6 Qe8 36. d7 Qxd7 37. Qxg6+ Qg7 38. Qxh5 Qg5 39. Qxg5+ fxg5 40.
Kg1 $18) 35... Qg7 36. Qxg7+ Kxg7 37. exd6 Kf7 38. Kg1 $18) 32. Bxd5 (32. Bc4
$5 $16) 32... exd5 33. Qd4 Ne6 (33... Qe6 34. Rc6 Nd7 $140 35. Nc8 $18) 34.
Qxd5 Kh7 (34... Rb5 35. Qa8+) 35. Rd1 $1 {Die entscheidende Kleinigkeit. Nach
Rückzug des Läufers wäre Rb5 gekommen.} Bxd6 $138 36. Be3 Rb5 37. Qxd6 Qe8 38.
Qxa6 Rxe5 39. Qa7+ Ng7 40. Bd4 Re7 41. Qb6 Ne6 (41... Rd7 42. Qxb4 Ne6 43. Re1
$18) 42. Bg1 Qa4 $6 43. Re1 Qe8 44. Qd6 Kg7 45. Bc5 Rd7 46. Qxe6 1-0

[Event "EU-ch 13th"]
[Site "Plovdiv"]
[Date "2012.03.29"]
[Round "9"]
[White "Esen, Baris"]
[Black "Postny, Evgeny"]
[Result "0-1"]
[WhiteElo "2555"]
[BlackElo "2662"]
[Annotator "Postny,E"]
[PlyCount "48"]
[EventDate "2012.03.20"]
[EventType "swiss"]
[EventRounds "11"]
[EventCountry "BUL"]
[SourceTitle "CBM 148"]
[Source "ChessBase"]
[SourceDate "2012.05.16"]
[SourceVersion "1"]
[SourceVersionDate "2012.05.16"]
[SourceQuality "1"]

1. d4 d5 2. Nf3 Nf6 3. c4 dxc4 4. e3 e6 5. Bxc4 a6 6. a4 {This move prevents
the advance b7-b5.} b6 {This is a side line where I already have some
experience. The idea is to develop the bishop to the long diagonal before
undermining White's centre by c7-c5.} (6... c5 7. O-O Nc6 {leads to a common
line where already thousands of games have been played.}) 7. O-O Bb7 8. Nc3 c5
9. Qe2 Nbd7 10. Rd1 Qc7 11. e4 (11. d5 exd5 12. Nxd5 Nxd5 13. Bxd5 Bxd5 14.
Rxd5 Be7 15. e4 O-O 16. e5 Qc6 17. Rd1 Rfe8 18. Bf4 Nf8 $11 {1/2-1/2 Lauber,A 
(2497)-Postny,E (2595)/Deutschland 2010/EXT 2012 (37)}) 11... cxd4 12. Nxd4 Bc5
{I couldn't remember what the theoretical recommendation is, so decided to
make the most logical developing move. I thought that the sacrifice on e6
might follow, but didn't consider it very dangerous.} 13. Bxe6 $5 {Played
relatively quickly.} (13. Be3 Ne5 14. Bf4 O-O {is comfortable for Black.})
13... fxe6 14. Nxe6 Qe5 15. Nxg7+ Kf7 16. Nf5 {White has got three pawns for
the piece and Black's king is wandering. However, my pieces are well developed,
so I thought that I shouldn't be worse.} Rag8 $1 $146 {[%mdl 2048] I didn't
know the preceding game and figured out this new idea over the board. The
knight on f5 is so powerful that it's worth Black's while to exchange it for a
rook.} (16... Rae8 $2 17. b4 $2 (17. Nh6+ $1 Kf8 (17... Ke7 18. Be3 Bxe4 19.
Bxc5+ bxc5 20. Qc4 Rhf8 (20... Qe6 21. Qxe6+ Kxe6 22. Re1 $18) 21. Re1 Kd8 22.
Nxe4 Nxe4 23. Nf7+ Rxf7 24. Qxf7 $16) 18. Qf3 $1 Bd6 (18... Bxe4 19. Rxd7 $1
Bxf3 20. Rf7# {is the point.}) 19. Qh3 Bxe4 (19... Nxe4 20. Nf5 h5 21. Be3 {
with too many threats.}) 20. Nxe4 Qxe4 21. Be3 Bc5 22. Rxd7 Nxd7 23. Qxd7 Qe6
24. Bxc5+ bxc5 25. Qd2 Kg7 26. Qg5+ Qg6 27. Nf5+ Kf8 28. Qf4 Qf6 29. Rd1 $16)
17... Qxf5 18. exf5 Rxe2 19. Nxe2 Bxb4 20. Ba3 $13 {1/2-1/2 Vaznonis,V (2399)
-Brynell,S (2463)/Valby 2008/CBM 123 Extra (30)}) (16... Rhe8 $6 17. Nh6+ $1
Kf8 (17... Ke7 18. Be3 Bxe4 (18... Rad8 $5 19. f3 {is the best according to
"Houdini". Well, I don't like Black's position.}) 19. Bxc5+ bxc5 20. Qc4 Qe6
21. Qxe6+ Kxe6 22. Rd2 $1 {[%cal Ga1e1]} (22. Re1 $4 Kd6 $19 {Compared to the
16...Rae8 line there is no fork on f7.}) 22... Ke7 23. Re1 Kd8 24. Nf7+ Kc7 25.
Nd6 Bg6 26. Nxe8+ Rxe8 27. Rxe8 Bxe8 $16) 18. Qf3 Bd6 (18... Bxe4 $2 19. Rxd7
$18 {The same trick as after 16...Rae8.}) 19. Qh3 Bxe4 20. Nxe4 Qxe4 21. Be3
Be5 22. Rxd7 Nxd7 23. Qxd7 {White is already fine from the material point of
view and keeps the initiative.}) 17. Be3 (17. Nh6+ $6 Ke8 18. Nxg8 Rxg8 {
I was very optimistic about this position. All my pieces are active and the
threat of 19...Ng4 is difficult to parry.}) (17. g3 h5 18. Nh6+ (18. b4 Qxc3
19. Qa2+ Bd5 20. exd5 Qxb4 21. d6+ Kf8 22. Bh6+ (22. Qe6 Qe4 $17) 22... Rxh6
23. Nxh6 Rg7 24. Nf5 Rg5 25. Qe6 Qe4 26. Qe7+ Qxe7 27. dxe7+ Bxe7 $15) 18...
Rxh6 19. Bxh6 h4 {looks frightening for White, but the engine remains cool.}
20. Be3 hxg3 21. hxg3 Rxg3+ 22. fxg3 Qxg3+ 23. Kf1 Bxe3 24. Qg2 $13) 17...
Rxg2+ $1 {Of course. I can't explain why I spent fifteen minutes on this move.}
18. Kxg2 Qxf5 19. f3 Qh5 (19... Rg8+ 20. Kh1 Nxe4 $4 21. Nxe4 Bxe4 22. Qc4+ Ke7
23. Qxe4+ Qxe4 24. Bxc5+ Nxc5 25. fxe4 $18) 20. Kh1 Ne5 21. Rf1 Rg8 {I was
satisfied with my position, but anticipated a tense fight. It was a pleasant
surprise for me that the game ended in only three moves!} 22. Bf4 $2 {In such
a sharp position one bad move is enough to lose the game. I expected 22.Rf2.} (
22. Rf2 Qh3 (22... Rg3 {[%csl Rf3]} 23. Raf1 {and the rook on g3 is doing
nothing.}) 23. Rg1 (23. Bxc5 bxc5 24. Rg1 Rg6 $5) 23... Rxg1+ 24. Kxg1 Nfd7 {
In both cases the position is probably dynamically balanced. Still, I would
prefer to be on the black side.}) 22... Bc8 $1 $19 {[%cal Gc8h3] Simple and
effective. All Black's pieces are ideally placed and the threat 23...Bh3 is
decisive.} 23. Be3 {Trying to admit the mistake, but it's already too late.}
Bxe3 24. Qxe3 Qh3 (24... Qh3 25. Qe2 (25. Rg1 Nxf3 $19) (25. Qf2 Nd3 26. Qd2
Nh5 $19) 25... Nh5 $19 {[%cal Gh5g3]}) 0-1